Länder Zentralafrikas - Statistiken

Allgemein
  • Dieses Quiz wurde 19 mal gespielt
  • Das Durchschnittsergebnis liegt bei 8 aus 11
Antwortstatistiken
Land % Korrekt
Demokratische Republik Kongo
100%
Republik Kongo
100%
Tschad
89%
Zentralafrikanische Republik
89%
Angola
72%
Kamerun
72%
Gabun
61%
Ruanda
61%
Äquatorialguinea
56%
Burundi
50%
São Tomé und Príncipe
39%
Keine übereinstimmenden Quizze gefunden
Verteilung der Resultate
Anzahl Personen mit jedem Resultat
Perzentil nach korrekt beantworteten Fragen
Ihre Resultats-Entwicklung
Sie haben dieses Quiz noch nicht gespielt